[Event " Olexuv memorial 2019"]
[Site "Brno"]
[Date "2019.12.29"]
[Round "5.10"]
[White "Koci, Milos"]
[Black "Divis, Jan"]
[Result "0-1"]
[WhiteElo "1359"]
[BlackElo "1508"]
[Annotator " "]
[PlyCount "74"]
[EventDate "2019.12.26"]

1. d4 d5 2. Bf4 Nf6 3. e3 e6 4. Nf3 Nbd7 5. h3 Be7 6. Nbd2 Nh5 7. Bh2 Nhf6 8.
Be2 Ne4 9. O-O Ndf6 10. Bd3 O-O 11. c3 c5 12. Bc2 Nxd2 13. Qxd2 Qb6 14. Rfe1
Ne4 15. Qc1 f5 16. Nd2 Bd7 17. Nxe4 fxe4 18. Rb1 Bd6 19. Bxd6 Qxd6 20. Rf1 Rf6
21. Bd1 Raf8 22. Bg4 g6 23. Qd1 Qe7 24. f4 h5 25. Be2 Be8 26. Qe1 Qg7 27. h4
Ba4 28. Bd1 Bc6 29. Be2 a5 30. g3 Qe7 31. Ra1 b5 32. Qd2 Kg7 33. Kg2 Ra8 34.
Bd1 Rff8 35. Be2 Rfc8 36. Qd1 Kh6 37. Qd2 b4 {necitelne} 0-1

[Event " Olexuv memorial 2019"]
[Site "Brno"]
[Date "2019.12.29"]
[Round "5.12"]
[White "Tokabayev, Alibek"]
[Black "Pokorny, Petr"]
[Result "0-1"]
[WhiteElo "1895"]
[BlackElo "2239"]
[Annotator " "]
[PlyCount "49"]
[EventDate "2019.12.26"]

1. d4 d5 2. c4 e6 3. Nc3 c6 4. cxd5 exd5 5. Bf4 Bf5 6. e3 Nf6 7. Nf3 Nbd7 8.
Bd3 Bxd3 9. Qxd3 Be7 10. h3 O-O 11. O-O Re8 12. Rfd1 Nf8 13. Rab1 Ne6 14. Bg3
a5 15. Rbc1 Qb6 16. Na4 Qa6 17. Qxa6 Rxa6 18. Nc5 Nxc5 19. dxc5 Ne4 20. Bc7
Nxc5 21. Bxa5 Rxa5 22. b4 Rxa2 23. bxc5 Rb8 24. Ne5 f6 25. Nd3 {necitelne} 0-1

[Event " Olexuv memorial 2019"]
[Site "Brno"]
[Date "2019.12.29"]
[Round "6.1"]
[White "Pokorny, Petr"]
[Black "Hajek, Oskar"]
[Result "1/2-1/2"]
[WhiteElo "2239"]
[BlackElo "2177"]
[PlyCount "51"]
[EventDate "2019.12.26"]

1. d4 e6 2. c4 c5 3. Nf3 cxd4 4. Nxd4 Nf6 5. Nc3 Bb4 6. Bd2 Nc6 7. Nxc6 bxc6 8.
a3 Be7 9. e4 e5 10. Bd3 O-O 11. O-O a5 12. Rb1 h6 13. b4 axb4 14. axb4 d5 15.
cxd5 cxd5 16. exd5 Nxd5 17. Be4 Bb7 18. Qf3 Nxc3 19. Bxc3 Bxe4 20. Qxe4 Bf6 21.
Bxe5 Re8 22. f4 Qe7 23. Qf5 Bxe5 24. fxe5 Ra7 25. Rfe1 Rb7 26. Qf4 1/2-1/2

[Event " Olexuv memorial 2019"]
[Site "Brno"]
[Date "2019.12.29"]
[Round "6.2"]
[White "Veznik, Michael"]
[Black "Wunsch, Radek"]
[Result "1-0"]
[WhiteElo "1773"]
[BlackElo "1881"]
[PlyCount "61"]
[EventDate "2019.12.26"]

1. Nc3 d5 2. d4 Nf6 3. Bg5 Nbd7 4. Nf3 g6 5. e3 Bg7 6. h4 c6 7. Bd3 O-O 8. Qd2
Re8 9. O-O-O Qa5 10. Kb1 e5 11. dxe5 Nxe5 12. Nxe5 Rxe5 13. f4 Re8 14. Bxf6
Bxf6 15. Ne4 Qd8 16. Nxf6+ Qxf6 17. h5 Bg4 18. hxg6 hxg6 19. Rde1 Kg7 20. f5
gxf5 21. g3 Rh8 22. Qg2 Rae8 23. Qf2 Qg5 24. Rhf1 Rh3 25. a3 a6 26. e4 dxe4 27.
Rxe4 Rxe4 28. Bxe4 f6 29. Bd3 Kg6 30. Re1 Rh7 31. Re8 1-0

[Event " Olexuv memorial 2019"]
[Site "Brno"]
[Date "2019.12.29"]
[Round "6.3"]
[White "Marsa, Alexandr"]
[Black "Hurta, Miroslav"]
[Result "1-0"]
[WhiteElo "1857"]
[BlackElo "1737"]
[PlyCount "87"]
[EventDate "2019.12.26"]

1. d4 d5 2. c4 e6 3. Nc3 dxc4 4. e3 Nf6 5. Bxc4 c5 6. Nf3 Be7 7. O-O O-O 8. Qe2
a6 9. a3 b5 10. Ba2 Bb7 11. dxc5 Bxc5 12. b4 Bd6 13. Bb2 Nbd7 14. Rac1 Ng4 15.
e4 Qb8 16. h3 Nge5 17. Nd4 Ng6 18. Nxe6 fxe6 19. Bxe6+ Rf7 20. Rfd1 Kf8 21.
Bxf7 Kxf7 22. Qd2 Bh2+ 23. Kh1 Nde5 24. Nd5 Nc4 25. Rxc4 bxc4 26. Nb6 Be5 27.
Bxe5 Nxe5 28. Nxa8 Bxa8 29. Rc1 Kg8 30. Qd4 Kh8 31. f4 Nd3 32. Rxc4 Nxf4 33.
Qd6 Qg8 34. Qxa6 Bb7 35. Qxb7 Qxc4 36. Qb8+ Qg8 37. Qxf4 h6 38. Qe3 Qe6 39. b5
Qe5 40. b6 Qa1+ 41. Kh2 Qe5+ 42. Qg3 Qxe4 43. Qb8+ Kh7 44. Qc7 1-0

[Event " Olexuv memorial 2019"]
[Site "Brno"]
[Date "2019.12.29"]
[Round "6.4"]
[White "Lukas, Frantisek"]
[Black "Hladky, Milan"]
[Result "1-0"]
[WhiteElo "1889"]
[BlackElo "1667"]
[PlyCount "41"]
[EventDate "2019.12.26"]

1. d4 Nf6 2. c4 e6 3. Nf3 d5 4. cxd5 exd5 5. Bg5 Be7 6. Nc3 O-O 7. e3 c6 8. Qc2
Nbd7 9. Bd3 Re8 10. O-O h6 11. Bh4 Nh5 12. Bxe7 Qxe7 13. Rab1 Nhf6 14. Nd2 a6
15. Rfc1 Nf8 16. b4 b5 17. a4 Bd7 18. Nf3 Rec8 19. Ne5 Ng4 20. Nxd7 Qxd7 21.
Bf5 1-0

[Event " Olexuv memorial 2019"]
[Site "Brno"]
[Date "2019.12.29"]
[Round "6.5"]
[White "Kolek, Josef"]
[Black "Martisek, Karel"]
[Result "1-0"]
[WhiteElo "1771"]
[BlackElo "1815"]
[PlyCount "129"]
[EventDate "2019.12.26"]

1. c4 e5 2. g3 Nf6 3. Bg2 Nc6 4. Nc3 Be7 5. e3 d6 6. Nge2 Bf5 7. d4 exd4 8.
Nxd4 Nxd4 9. Qxd4 c5 10. Qd1 Qd7 11. h3 O-O 12. g4 Be6 13. b3 Ne8 14. e4 Bf6
15. Qd3 Rc8 16. O-O a6 17. f4 Bxc3 18. Qxc3 f6 19. a4 Rb8 20. a5 Bf7 21. Rd1
Qe7 22. Re1 Qd7 23. Be3 b5 24. axb6 Rxb6 25. Red1 Qc7 26. f5 Qb8 27. Rab1 Rb4
28. Qc2 Kh8 29. Bd2 Rb6 30. Bf4 Bg8 31. Bf3 Rf7 32. Rd3 Rd7 33. h4 a5 34. Ra1
Ra7 35. Ra4 Rb4 36. Rxb4 axb4 37. Qd1 Qa8 38. Qe2 Ra1+ 39. Kg2 Ra2 40. Rd2 Ra3
41. Qd3 Qa6 42. Bxd6 Qxd6 43. Qxd6 Nxd6 44. Rxd6 h6 45. Bd1 Kh7 46. Rd8 Bf7 47.
Kf2 Ra2+ 48. Kg3 Ra3 49. Kf4 Ra2 50. g5 hxg5+ 51. hxg5 fxg5+ 52. Kxg5 Rg2+ 53.
Kf4 g5+ 54. Ke5 Ra2 55. Kf6 Ra7 56. Kxg5 Ra6 57. Rd7 Kg8 58. e5 Kf8 59. Rc7 Ra1
60. Bg4 Rb1 61. Kf6 Rxb3 62. Rc8+ Be8 63. Bh5 Kg8 64. Rxe8+ Kh7 65. Bg6+ 1-0

[Event " Olexuv memorial 2019"]
[Site "Brno"]
[Date "2019.12.29"]
[Round "6.6"]
[White "Pribyl, Rene"]
[Black "Kacalek, Tomas"]
[Result "1-0"]
[WhiteElo "1983"]
[BlackElo "1568"]
[PlyCount "49"]
[EventDate "2019.12.26"]

1. d4 d5 2. c4 e6 3. Nc3 c5 4. cxd5 exd5 5. Nf3 Nf6 6. Bg5 Nc6 7. Bxf6 gxf6 8.
e3 Be6 9. Be2 Be7 10. O-O Qd7 11. a3 a6 12. Na4 Rd8 13. Nxc5 Qc7 14. Rc1 Rg8
15. g3 Bh3 16. Re1 Bd6 17. Bf1 Bxf1 18. Kxf1 Ke7 19. Qb3 Na5 20. Qxd5 Rg4 21.
b4 Bxg3 22. Qf5 h5 23. hxg3 Nc6 24. Qxh5 Qc8 25. Nxb7 1-0

[Event " Olexuv memorial 2019"]
[Site "Brno"]
[Date "2019.12.29"]
[Round "6.7"]
[White "Weber, Tomas"]
[Black "Neduchal, Jiri"]
[Result "0-1"]
[WhiteElo "1476"]
[BlackElo "1740"]
[PlyCount "124"]
[EventDate "2019.12.26"]

1. Nf3 Nf6 2. c4 g6 3. g3 Bg7 4. Bg2 O-O 5. O-O d5 6. b3 c5 7. Bb2 d4 8. d3 Nc6
9. e3 e5 10. e4 Nh5 11. Bc1 f5 12. Nbd2 f4 13. Kh1 Bd7 14. Ng1 Qe7 15. g4 Nf6
16. f3 Ne8 17. Ne2 Bf6 18. Ng1 Bh4 19. Qe2 Kf7 20. Rd1 Rh8 21. Qf1 Ng7 22. a3
h5 23. h3 hxg4 24. fxg4 Rh7 25. Ndf3 Rah8 26. Nh2 Bg3 27. Bf3 Ne6 28. Ra2 Ng5
29. Rdd2 Nxh3 30. Rg2 Bxh2 31. Nxh3 Rxh3 32. Rxh2 Rxh2+ 33. Rxh2 Rxh2+ 34. Kxh2
Qh4+ 35. Qh3 Qxh3+ 36. Kxh3 Kf6 37. Bd2 b6 38. Be1 g5 39. Kg2 Ke6 40. Bd1 Kd6
41. Kf3 Ne7 42. Bd2 Ng8 43. Kg2 Nf6 44. Kh3 Kc6 45. a4 Ne8 46. Kg2 Nd6 47. Kf3
Nb7 48. Bc1 a6 49. Bd2 b5 50. axb5+ axb5 51. Bc1 bxc4 52. dxc4 Be6 53. Bd2 Kb6
54. Be1 Na5 55. Bd2 Nc6 56. Kg2 Nb4 57. Bxb4 cxb4 58. Be2 Kc5 59. Kf3 Bd7 60.
Bd3 Bc8 61. Kf2 Bxg4 62. Kg1 Bd1 0-1

[Event " Olexuv memorial 2019"]
[Site "Brno"]
[Date "2019.12.29"]
[Round "6.8"]
[White "Hayrumyan, Artur"]
[Black "Nisztuk, Michal"]
[Result "0-1"]
[WhiteElo "1448"]
[BlackElo "1655"]
[PlyCount "45"]
[EventDate "2019.12.26"]

1. f4 d5 2. e3 c5 3. b3 Nc6 4. Bb2 Nf6 5. h3 d4 6. exd4 cxd4 7. Bd3 Nd5 8. Qf3
e6 9. Ne2 Bc5 10. Bb5 Bd7 11. Bxc6 Bxc6 12. Nxd4 Bxd4 13. Bxd4 Nb4 14. Qc3 Qxd4
15. Qxd4 Nxc2+ 16. Kf2 Nxd4 17. Nc3 O-O 18. Rhe1 Nc2 19. Rac1 Nxe1 20. Rxe1
Rfd8 21. Rd1 Rd4 22. g3 Rad8 23. Ke2 0-1

[Event " Olexuv memorial 2019"]
[Site "Brno"]
[Date "2019.12.29"]
[Round "6.9"]
[White "Divis, Jan"]
[Black "Hala, Pavel"]
[Result "1/2-1/2"]
[WhiteElo "1508"]
[BlackElo "1531"]
[Annotator " "]
[PlyCount "54"]
[EventDate "2019.12.26"]

1. d4 d6 2. Bf4 e6 3. Nf3 h6 4. Nbd2 Ne7 5. e3 Ng6 6. Bg3 Be7 7. Bd3 f5 8. h4
Bf6 9. h5 Ne7 10. c3 b6 11. Qb3 d5 12. Be5 Nec6 13. Bb5 Bd7 14. Bd3 a6 15. Bxf6
Qxf6 16. Nh4 Ne7 17. Ndf3 Nbc6 18. Qc2 b5 19. a3 O-O 20. Rh3 Be8 21. Ne5 Nxe5
22. dxe5 Qxe5 23. Qe2 f4 24. Nf3 Qf6 25. exf4 Bd7 26. Ne5 Be8 27. g3 c5 {
necitelne} 1/2-1/2

[Event " Olexuv memorial 2019"]
[Site "Brno"]
[Date "2019.12.29"]
[Round "6.11"]
[White "Snorek, Milan"]
[Black "Tokabayev, Alibek"]
[Result "1-0"]
[WhiteElo "1937"]
[BlackElo "1895"]
[PlyCount "95"]
[EventDate "2019.12.26"]

1. Nf3 Nf6 2. g3 g6 3. Bg2 Bg7 4. O-O O-O 5. c4 d6 6. d4 Nbd7 7. Nc3 c6 8. e4
e5 9. h3 a5 10. b3 exd4 11. Nxd4 Nc5 12. Bb2 Re8 13. Re1 Qb6 14. Qc2 Nfd7 15.
Rad1 Ne5 16. Nce2 a4 17. f4 Ned7 18. Kh2 axb3 19. axb3 Ra2 20. Qb1 Qa7 21. Nc3
Ra6 22. Qc2 Nb8 23. Nf3 Rb6 24. Ra1 Nba6 25. Ra3 Rb4 26. Nb5 cxb5 27. Bxg7 Kxg7
28. Qc3+ Kg8 29. Qxb4 Nd3 30. Qxb5 Rf8 31. Rd1 Nf2 32. Rxd6 Qe3 33. Qa5 Bxh3
34. Qd2 Qc5 35. Ra5 Qc7 36. Rd4 Bxg2 37. Kxg2 Ng4 38. Rad5 Nc5 39. Rd8 Ne6 40.
Rxf8+ Nxf8 41. Rd8 Ne3+ 42. Kg1 Qb6 43. Qd6 Nxc4+ 44. Qxb6 Nxb6 45. Rb8 Kg7 46.
Rxb7 Nfd7 47. Ne5 Nxe5 48. fxe5 1-0

[Event " Olexuv memorial 2019"]
[Site "Brno"]
[Date "2019.12.30"]
[Round "7.1"]
[White "Hajek, Oskar"]
[Black "Snorek, Milan"]
[Result "1-0"]
[WhiteElo "2177"]
[BlackElo "1937"]
[PlyCount "73"]
[EventDate "2019.12.26"]

1. e4 e5 2. Nf3 Nf6 3. d4 Nxe4 4. Bd3 d5 5. Nxe5 Bd6 6. O-O O-O 7. c4 c6 8.
cxd5 cxd5 9. Nc3 Nxc3 10. bxc3 Nd7 11. f4 Nf6 12. Rf3 Ne4 13. Qc2 f5 14. c4 Be6
15. cxd5 Bxe5 16. fxe5 Qxd5 17. Bb2 Rfc8 18. Qe2 Rc7 19. Raf1 g6 20. Bxe4 Qxe4
21. Qxe4 fxe4 22. Rf6 Bxa2 23. Bc1 Bc4 24. R1f2 Kg7 25. h4 h6 26. h5 Bf7 27.
Be3 g5 28. e6 Bxh5 29. d5 Bf3 30. Bd4 Rc4 31. Be5 Bg4 32. Rf8+ Kg6 33. Rxa8 e3
34. Rf1 e2 35. Rg8+ Kh5 36. Re1 Re4 37. e7 1-0

[Event " Olexuv memorial 2019"]
[Site "Brno"]
[Date "2019.12.30"]
[Round "7.2"]
[White "Marsa, Alexandr"]
[Black "Pokorny, Petr"]
[Result "1/2-1/2"]
[WhiteElo "1857"]
[BlackElo "2239"]
[PlyCount "22"]
[EventDate "2019.12.26"]

1. d4 d5 2. c4 e6 3. Nc3 c6 4. e3 f5 5. f4 Nf6 6. Nf3 Be7 7. Be2 O-O 8. O-O b6
9. cxd5 cxd5 10. Ne5 Bb7 11. Bd2 Nbd7 1/2-1/2

[Event " Olexuv memorial 2019"]
[Site "?"]
[Date "2019.12.30"]
[Round "7.3"]
[White "Lukas, Frantisek"]
[Black "Veznik, Michael"]
[Result "1/2-1/2"]
[WhiteElo "1859"]
[BlackElo "1773"]
[PlyCount "61"]
[EventDate "2019.12.27"]
[SourceDate "2019.12.30"]

1. d4 c6 2. c4 d6 3. Nf3 g6 4. e4 Bg7 5. Nc3 Bg4 6. Be2 Nd7 7. O-O Bxf3 8. Bxf3
e5 9. dxe5 Nxe5 10. Be2 f6 11. Be3 Ne7 12. f4 Nf7 13. Bf3 O-O 14. Ne2 f5 15.
Nd4 Qc8 16. Qd2 a5 17. exf5 Nxf5 18. Bg4 N7h6 19. Nxf5 Nxf5 20. Rad1 Qe6 21.
Bxf5 Rxf5 22. b3 a4 23. Rfe1 Bf8 24. Bd4 Qf7 25. Bb2 d5 26. Qc3 Bc5+ 27. Kh1 d4
28. Rxd4 Bxd4 29. Qxd4 Kf8 30. Ba3+ Kg8 31. Bb2 1/2-1/2

[Event " Olexuv memorial 2019"]
[Site "Brno"]
[Date "2019.12.30"]
[Round "7.4"]
[White "Wunsch, Radek"]
[Black "Kolek, Josef"]
[Result "1-0"]
[WhiteElo "1881"]
[BlackElo "1771"]
[PlyCount "65"]
[EventDate "2019.12.26"]

1. e4 c5 2. Nf3 Nc6 3. Bb5 g6 4. Bxc6 bxc6 5. O-O Bg7 6. Re1 d6 7. e5 d5 8. d3
e6 9. Be3 Bf8 10. Nbd2 a5 11. c4 a4 12. Qc2 d4 13. Bg5 Qc7 14. Ne4 h6 15. Nf6+
Nxf6 16. Bxf6 Rh7 17. Nd2 Be7 18. Ne4 Kf8 19. Bxe7+ Qxe7 20. b3 a3 21. Rab1 Rb8
22. Qd2 Rb4 23. Nd6 Bd7 24. Qc1 f6 25. f4 g5 26. Ne4 f5 27. Nf6 Rg7 28. Qxa3
gxf4 29. Qa8+ Be8 30. Rf1 Kf7 31. Rxf4 Bd7 32. a3 Rb6 33. Qa7 1-0

[Event " Olexuv memorial 2019"]
[Site "Brno"]
[Date "2019.12.30"]
[Round "7.5"]
[White "Nisztuk, Michal"]
[Black "Pribyl, Rene"]
[Result "0-1"]
[WhiteElo "1655"]
[BlackElo "1983"]
[PlyCount "42"]
[EventDate "2019.12.26"]

1. e4 e5 2. Bc4 Nf6 3. Nc3 Nc6 4. f4 exf4 5. Nf3 d6 6. d4 Bg4 7. Bxf4 Be7 8.
O-O O-O 9. a3 Nxe4 10. Nxe4 d5 11. Bxc7 Qxc7 12. Bxd5 Rad8 13. c4 Qb6 14. c5
Qxb2 15. Rb1 Qxa3 16. Bxc6 bxc6 17. Rb3 Qa6 18. Qd2 Qc4 19. Rb7 Bxf3 20. Rxf3
Rxd4 21. Rc3 Qd5 0-1

[Event " Olexuv memorial 2019"]
[Site "Brno"]
[Date "2019.12.30"]
[Round "7.6"]
[White "Neduchal, Jiri"]
[Black "Doskar, Miloslav"]
[Result "1-0"]
[WhiteElo "1740"]
[BlackElo "1590"]
[PlyCount "119"]
[EventDate "2019.12.26"]

1. d4 d5 2. Nf3 Nf6 3. e3 e6 4. Bd3 c6 5. O-O Be7 6. Nbd2 Nbd7 7. Qe2 O-O 8. c3
Re8 9. e4 dxe4 10. Nxe4 Nxe4 11. Bxe4 Nf6 12. Bc2 b6 13. Bg5 Bb7 14. Ne5 Nd5
15. Bxe7 Qxe7 16. f4 c5 17. Rad1 f5 18. Ba4 Rec8 19. Kh1 a6 20. Bb3 cxd4 21.
Rxd4 Rd8 22. Nf3 Nc7 23. Rfd1 Bxf3 24. Qxf3 g6 25. Qd3 Rxd4 26. Qxd4 b5 27. h3
Kf7 28. Qd7 Re8 29. a4 Qxd7 30. Rxd7+ Re7 31. Rd6 h6 32. axb5 axb5 33. Kg1 g5
34. g3 gxf4 35. gxf4 Kf6 36. Kf2 Rg7 37. c4 bxc4 38. Bxc4 h5 39. b4 Ke7 40. Rd3
Rg8 41. b5 Rb8 42. Kg3 Kf6 43. Rb3 Rb6 44. Kh4 Kg6 45. Rg3+ Kh6 46. Rc3 Rb7 47.
Re3 Rb6 48. Re5 Kg6 49. Rc5 Ne8 50. Rc6 Rxc6 51. bxc6 Nc7 52. Be2 Kf6 53. Bxh5
Ke7 54. Bf3 Nd5 55. Bxd5 exd5 56. Kg3 Kd6 57. h4 Kxc6 58. h5 d4 59. h6 d3 60.
Kf3 1-0

[Event " Olexuv memorial 2019"]
[Site "Brno"]
[Date "2019.12.30"]
[Round "7.7"]
[White "Martisek, Karel"]
[Black "Hladky, Milan"]
[Result "1/2-1/2"]
[WhiteElo "1815"]
[BlackElo "1667"]
[PlyCount "87"]
[EventDate "2019.12.26"]

1. e4 c5 2. Nf3 d6 3. Bc4 Nf6 4. Nc3 e6 5. O-O Be7 6. Re1 O-O 7. a3 a6 8. d4
cxd4 9. Nxd4 Qc7 10. Bd3 Nc6 11. Nf3 b5 12. Bf4 e5 13. Bg5 Be6 14. Qe2 h6 15.
Bxf6 Bxf6 16. Rad1 Rac8 17. h3 Na5 18. g4 Nc4 19. Rb1 Qb6 20. Kh2 Nxa3 21. Nd5
Bxd5 22. bxa3 Bb7 23. Rg1 Rfe8 24. Rg2 d5 25. g5 hxg5 26. Nxg5 d4 27. Rbg1 Rc6
28. Qh5 Bxg5 29. Rxg5 Rg6 30. Rxg6 fxg6 31. Rxg6 Re6 32. Rg5 Qd6 33. Qg4 Qe7
34. a4 Rf6 35. Qg3 Rxf2+ 36. Qxf2 Qxg5 37. axb5 axb5 38. Qg3 Qd2+ 39. Qg2 Qf4+
40. Kg1 b4 41. Qf2 g5 42. Qg2 Kg7 43. Qg4 Qxg4+ 44. hxg4 1/2-1/2

[Event " Olexuv memorial 2019"]
[Site "Brno"]
[Date "2019.12.30"]
[Round "7.8"]
[White "Kacalek, Tomas"]
[Black "Divis, Jan"]
[Result "1-0"]
[WhiteElo "1568"]
[BlackElo "1508"]
[PlyCount "119"]
[EventDate "2019.12.26"]

1. e4 d5 2. exd5 Qxd5 3. Nc3 Qa5 4. b4 Qe5+ 5. Be2 c6 6. Nf3 Qc7 7. O-O Nf6 8.
Bb2 e6 9. a3 Be7 10. Re1 O-O 11. Rb1 Re8 12. h3 a6 13. Ba1 Nbd7 14. d4 h6 15.
Bd3 Bd6 16. Ne5 Rf8 17. Nc4 Bh2+ 18. Kf1 b5 19. Ne5 Bxe5 20. dxe5 Nd5 21. Nxd5
cxd5 22. Qh5 Qd8 23. h4 Qe8 24. Qe2 Nb6 25. Bb2 Qd8 26. g3 Bb7 27. Bc1 d4 28.
Qg4 f5 29. exf6 Qxf6 30. Qxe6+ Qxe6 31. Rxe6 Nc4 32. Re7 Rf7 33. Rxb7 Rxb7 34.
Be4 Rba7 35. Bxa8 Rxa8 36. Rb3 Re8 37. Rd3 Re4 38. f3 Ne3+ 39. Kf2 Re8 40. Bxe3
dxe3+ 41. Rxe3 Rc8 42. c3 Kf7 43. Ke2 Kf6 44. Kd2 Ra8 45. Re4 a5 46. Kd3 a4 47.
c4 Rd8+ 48. Rd4 bxc4+ 49. Kxc4 Rb8 50. b5 g5 51. hxg5+ hxg5 52. Kb4 Ra8 53. b6
Ke5 54. Rc4 Rd8 55. Kxa4 Ra8+ 56. Kb4 Ra6 57. Rc5+ Kf6 58. Rb5 Ra8 59. b7 Rb8
60. a4 1-0

[Event " Olexuv memorial 2019"]
[Site "Brno"]
[Date "2019.12.30"]
[Round "7.10"]
[White "Hala, Pavel"]
[Black "Hayrumyan, Artur"]
[Result "0-1"]
[WhiteElo "1531"]
[BlackElo "1448"]
[PlyCount "68"]
[EventDate "2019.12.26"]

1. c4 Nf6 2. Nc3 g6 3. e4 d6 4. h3 Bg7 5. Nge2 O-O 6. d3 c5 7. b3 a6 8. Bb2
Nbd7 9. Qd2 Nb6 10. f4 Nfd7 11. Nd5 Bxb2 12. Qxb2 Nxd5 13. cxd5 e6 14. Nc3 Qh4+
15. Qf2 Qd8 16. Qd2 b5 17. g3 b4 18. Na4 exd5 19. exd5 Re8+ 20. Kf2 Nf6 21. Bg2
Bb7 22. Rae1 Rxe1 23. Rxe1 Bxd5 24. Bxd5 Nxd5 25. Re4 Ra7 26. Ke1 Re7 27. Rxe7
Qxe7+ 28. Qe2 Qf6 29. Qe4 Qa1+ 30. Kf2 Qxa2+ 31. Kf3 Qxb3 32. Qe8+ Kg7 33. Qc6
Qxd3+ 34. Kg4 Qd1+ 0-1

[Event " Olexuv memorial 2019"]
[Site "Brno"]
[Date "2019.12.30"]
[Round "7.11"]
[White "Koci, Milos"]
[Black "Weber, Tomas"]
[Result "1/2-1/2"]
[WhiteElo "1359"]
[BlackElo "1476"]
[PlyCount "29"]
[EventDate "2019.12.26"]

1. d4 d6 2. Bf4 g6 3. Nf3 Bg7 4. e3 Nd7 5. Nbd2 e5 6. dxe5 dxe5 7. Bg5 Ne7 8.
c3 c6 9. Be2 Qc7 10. Bxe7 Kxe7 11. O-O Re8 12. Ne4 Nb6 13. Qb3 Kf8 14. Qb4+ Kg8
15. Nd6 1/2-1/2

[Event " Olexuv memorial 2019"]
[Site "Brno"]
[Date "2019.12.30"]
[Round "7.12"]
[White "Hurta, Miroslav"]
[Black "Tokabayev, Alibek"]
[Result "0-1"]
[WhiteElo "1737"]
[BlackElo "1895"]
[PlyCount "55"]
[EventDate "2019.12.26"]

1. e4 e6 2. d4 d5 3. exd5 Qxd5 4. Nf3 Nf6 5. c4 Qd8 6. Be2 Be7 7. O-O O-O 8.
Nc3 b6 9. Bg5 Bb7 10. Qd3 Nbd7 11. Rad1 h6 12. Bh4 Nh5 13. Bxe7 Qxe7 14. b3
Nhf6 15. Rd2 Rad8 16. Qc2 e5 17. dxe5 Nxe5 18. Nxe5 Qxe5 19. Rfd1 Rxd2 20. Qxd2
Qe6 21. f3 Re8 22. Qf4 Re7 23. g4 g5 24. Rd8+ Kg7 25. Qd2 c5 26. h3 Qe5 27. Kg2
h5 28. Qd6 {necitelne} 0-1